| 000 | 00507cam a2200193ua 4500 | ||
|---|---|---|---|
| 001 | 5164 | ||
| 008 | 150210n ii |||gr||||Z||||||eng | ||
| 040 | _cMAIN | ||
| 041 | _aeng | ||
| 082 | _a418 | ||
| 100 |
_aTreble, H. A., _eAuthor, |
||
| 245 |
_aABC of english usage _cby H. A. Treble |
||
| 250 | _a1st. | ||
| 260 |
_aBombay: _bThe english language book society, _c1962. |
||
| 300 |
_a192p: _c15cm. |
||
| 653 | _aStandard usage & applied linguistics | ||
| 700 |
_aVallins, G. H., _eAuthor, |
||
| 942 | _cBK | ||
| 999 |
_c4346 _d4346 |
||